Pembentukan polisi awam / (Record no. 240)

000 -LEADER
fixed length control field nam a22 a 4500
003 - CONTROL NUMBER IDENTIFIER
control field AKMAL
005 - DATE AND TIME OF LATEST TRANSACTION
control field 20170427160428.0
008 - FIXED-LENGTH DATA ELEMENTS--GENERAL INFORMATION
fixed length control field 170427s2008 my a e | 001 0 may d
020 ## - INTERNATIONAL STANDARD BOOK NUMBER
International Standard Book Number 9789676121592 (kkt.) :
Terms of availability RM26.00
082 04 - DEWEY DECIMAL CLASSIFICATION NUMBER
Classification number 361.6109595 AHM
Edition number 22
090 00 - LOCALLY ASSIGNED LC-TYPE CALL NUMBER (OCLC); LOCAL CALL NUMBER (RLIN)
Classification number (OCLC) (R) ; Classification number, CALL (RLIN) (NR) 361.6109595
Local cutter number (OCLC) ; Book number/undivided call number, CALL (RLIN) AHM
100 0# - MAIN ENTRY--PERSONAL NAME
Personal name Ahmad Atory Hussain,
Dates associated with a name 1951-
9 (RLIN) 539
245 10 - TITLE STATEMENT
Title Pembentukan polisi awam /
Statement of responsibility, etc. Ahmad Atory Hussain
246 14 - VARYING FORM OF TITLE
Title proper/short title Pembentukan polisi awam :
Remainder of title ke arah pemahaman yang lebih sistematik dan analitis
260 ## - PUBLICATION, DISTRIBUTION, ETC.
Place of publication, distribution, etc. Kuala Lumpur :
Name of publisher, distributor, etc. Utusan Publications & Distributors,
Date of publication, distribution, etc. 2008
300 ## - PHYSICAL DESCRIPTION
Extent 269ms. :
Other physical details il. ;
Dimensions 22cm.
490 1# - SERIES STATEMENT
Series statement Siri pengurusan dan pentadbiran Utusan
500 ## - GENERAL NOTE
General note Mengandungi indeks
500 ## - GENERAL NOTE
General note Pinjaman BMU untuk ketua-ketua agensi KPKK (1595488)
651 #0 - SUBJECT ADDED ENTRY--GEOGRAPHIC NAME
Geographic name Malaysia
General subdivision Social policy
9 (RLIN) 454
830 #0 - SERIES ADDED ENTRY--UNIFORM TITLE
Uniform title Siri pengurusan dan pentadbiran Utusan
9 (RLIN) 480
942 ## - ADDED ENTRY ELEMENTS (KOHA)
Source of classification or shelving scheme
Koha item type Book
Holdings
Withdrawn status Lost status Source of classification or shelving scheme Damaged status Not for loan Collection code Home library Current library Shelving location Date acquired Inventory number Total Checkouts Full call number Barcode Date last seen Price effective from Koha item type
          NON-FICTION AKMAL Melaka AKMAL Melaka PINJAMAN 27.04.2017 305575   361.6109595 AHM 201700611 27.04.2017 27.04.2017 Book
          NON-FICTION AKMAL Melaka AKMAL Melaka PINJAMAN 27.04.2017 305574   361.6109595 AHM 201700612 27.04.2017 27.04.2017 Book
          NON-FICTION AKMAL Melaka AKMAL Melaka PINJAMAN 15.05.2017 305573   361.6109595 AHM 201706309 15.05.2017 15.05.2017 Book
Pusat Sumber Maklumat Dato' Haji Sarmin Md Hussin, Akademi Kastam Diraja Malaysia, Melaka
Tel: 06-2331106 | Faks: 06-2313787